Development of university education, 1860-87, (Record no. 60649)

MARC details
000 -LEADER
fixed length control field 00739cam a22002171 4500
001 - CONTROL NUMBER
control field sa 64008038
003 - CONTROL NUMBER IDENTIFIER
control field DLC
005 - DATE AND TIME OF LATEST TRANSACTION
control field 20260227112051.0
008 - FIXED-LENGTH DATA ELEMENTS--GENERAL INFORMATION
fixed length control field 750604s1963 xx 000 0 eng
010 ## - LIBRARY OF CONGRESS CONTROL NUMBER
LC control number sa 64008038
035 ## - SYSTEM CONTROL NUMBER
System control number (OCoLC)1372605
040 ## - CATALOGING SOURCE
Original cataloging agency DLC
Transcribing agency NSyU
Modifying agency OCoLC
-- DLC
042 ## - AUTHENTICATION CODE
Authentication code premarc
050 00 - LIBRARY OF CONGRESS CALL NUMBER
Classification number LA1151
Item number .A28 vol. 2
100 1# - MAIN ENTRY--PERSONAL NAME
Personal name Naik, J. P.,
Relator term ed.
245 10 - TITLE STATEMENT
Title Development of university education, 1860-87,
Statement of responsibility, etc. edited by J.P.Naik.
260 ## - PUBLICATION, DISTRIBUTION, ETC.
Place of publication, distribution, etc. Delhi,
Name of publisher, distributor, etc. Published for the National Archives of India by the Manager of Publications, Govt.of India,
Date of publication, distribution, etc. 1963.
300 ## - PHYSICAL DESCRIPTION
Extent lxvii, 558p.
Dimensions 25cm.
440 #0 - SERIES STATEMENT/ADDED ENTRY--TITLE
Title Selections from educational records of the Government of India,
Volume/sequential designation v.2
504 ## - BIBLIOGRAPHY, ETC. NOTE
Bibliography, etc. note Bibliography: p. 536-539.

No items available.

Powered by Koha